| 000 | 00802 a2200229 4500 | ||
|---|---|---|---|
| 999 |
_c7582 _d7582 |
||
| 020 | _a9789171065971 (pbk.) | ||
| 020 | _a9171065970 (pbk.) | ||
| 050 | 0 | 0 | _aHN40 WEI 2007 |
| 100 | 1 |
_aWeiss, Holger. _eauthor |
|
| 245 | 1 | 0 |
_aBegging and almsgiving in Ghana : _bMuslim positions towards poverty and distress / _cHolger Weiss. |
| 264 |
_a40 _bWEI _cHN |
||
| 300 |
_a175 p. : _bill., maps ; |
||
| 500 | _aIncludes bibliographical references | ||
| 504 | _aIncludes bibliographical references (p. 162-175) | ||
| 650 | 0 | _aIslam and social problems | |
| 650 | 0 |
_aPoverty _xReligious aspects _xIslam. |
|
| 650 | 0 |
_aIslam _xCharities. |
|
| 651 | 0 | _aGhana | |
| 651 | 0 | _aGhana | |
| 942 |
_2lcc _cBK _h40 _iWEI _kHN |
||